00988nam a22002537a 450000500170000001000150001702000260003203500130005803700130007108200160008424501220010026000390022227000770026130000260033850000520036465000240041665000240044065000310046465000290049570000220052494200300054699900170057695201410059320140917152840.0 aENG-110828 a9788132113935c795.00 aEN-94360 bDBAD/PUB a303.3720954 aCountering naxalism with development :cedited by Santosh Mehrotrabchallenges of social justice and state security / aNew DelhibSAGE Publicationsc2014 aB1/I-1 Mohan Cooperative Industrial Area Mathura RoadbNew Delhie110044 axviii,191p.c23cm(Hb) a Includes bibliographical references and index. a Naxalite movement. aRadicalism zIndia. aInternal security zIndia. aSocial justice z India. aMehrotra, Santosh 2ddccENmCOUh303.3720954 c88541d88541 001040718NFICaDBADbDBADd2014-09-11eDBAD/PUBg795.00l0o303.3720954 COUpEN-94360r2014-09-11 00:00:00t1v795.00w2014-09-11yEN